000 00311 a2200109 4500
001 ART_40027
005 20260410161841.0
008 260409a
245 1 0 _aControl de los actos de los entes reguladores
100 1 _aMata, Ismael
773 0 _tRAP
_g- Año 23, Nº 275 (ago. 2001)
_wREV5941
999 _c24146
_d24146